| 000 | 00561nam a2200229Ia 4500 | ||
|---|---|---|---|
| 005 | 20250425162333.0 | ||
| 008 | 250425s9999 xx 000 0 und d | ||
| 020 | _a0706449170 | ||
| 041 | _aeng | ||
| 082 | _a621.381735 | ||
| 100 | _aGRAEME, JERALD G. | ||
| 245 | 0 | _aOPERATIONAL AMPLIFIERS: DESIGN AND APPLICATIONS | |
| 250 | _a1ST ED. | ||
| 260 |
_aJapón _bMCGRAW-HILL _c1971 |
||
| 260 | _aTOKYO | ||
| 300 | _a473 | ||
| 650 | _aANALISIS | ||
| 650 | _aANALISIS Y DISEÑO | ||
| 650 | _aCOMPONENTES ELECTRONICOS | ||
| 942 | _c01 | ||
| 010 | _a63541 | ||
| 999 |
_c227155 _d227155 |
||